Un casamiento republicano (Record no. 173899)
[ view plain ]
| 000 -LEADER | |
|---|---|
| campo de control de longitud fija | 01226namaa2200265 i 4500 |
| 001 - NÚMERO DE CONTROL | |
| campo de control | 173899 |
| 003 - IDENTIFICADOR DE NÚMERO DE CONTROL | |
| campo de control | ES-MaACL |
| 005 - FECHA Y HORA DE LA ÚLTIMA TRANSACCIÓN | |
| campo de control | 20250824081356.0 |
| 008 - DATOS DE LONGITUD FIJA--INFORMACIÓN GENERAL | |
| campo de control de longitud fija | 100128s1869 sp |||| | spa d |
| 040 ## - FUENTE DE CATALOGACIÓN | |
| Centro catalogador/agencia de origen | SpMaBN |
| Lengua de catalogación | spa |
| Centro/agencia transcriptor | PAB |
| 100 0# - ENTRADA PRINCIPAL--NOMBRE DE PERSONA | |
| Nombre de persona | Bardan, Federico. |
| 9 (RLIN) | 25573 |
| 245 13 - MENCIÓN DEL TÍTULO | |
| Título | Un casamiento republicano |
| Resto del título | : zarzuela en tres actos / |
| Mención de responsabilidad, etc. | arreglada del francés por Bardán, Granés y Pastorfido ; musica de José Rogel. |
| 260 ## - PUBLICACIÓN, DISTRIBUCIÓN, ETC. | |
| Lugar de publicación, distribución, etc. | Madrid : |
| Nombre del editor, distribuidor, etc. | [s.n.], |
| Fecha de publicación, distribución, etc. | 1869 ( |
| Fabricante | Imp. de José Rodriguez) |
| 300 ## - DESCRIPCIÓN FÍSICA | |
| Extensión | 86 p. ; |
| Dimensiones | 17 cm. |
| 490 1# - MENCIÓN DE SERIE | |
| Mención de serie | El Teatro y Administracion lírico-dramática |
| 500 ## - NOTA GENERAL | |
| Nota general | Solo la letra. |
| 594 ## - Nota al título y mención de responsabilidad | |
| Nota al título y mención de responsabilidad | En port.: Representada por primera vez en el teatro de los Bufos Arderius (Circo), el dia 14 de enero de 1869. |
| 594 ## - Nota al título y mención de responsabilidad | |
| Nota al título y mención de responsabilidad | Precede al tít.: Repertorio de los Bufos Arderius. |
| 700 0# - ENTRADA AGREGADA--NOMBRE PERSONAL | |
| Nombre de persona | Pastorfido, Miguel. |
| 9 (RLIN) | 89537 |
| 700 1# - ENTRADA AGREGADA--NOMBRE PERSONAL | |
| Nombre de persona | Granés, Salvador María. |
| 9 (RLIN) | 127535 |
| 700 1# - ENTRADA AGREGADA--NOMBRE PERSONAL | |
| Nombre de persona | Rogel, José. |
| 9 (RLIN) | 131984 |
| 830 03 - PUNTO DE ACCESO ADICIONAL DE SERIE-TÍTULO UNIFORME | |
| Título uniforme | El teatro y Administración Lírico-Dramática |
| 9 (RLIN) | 189266 |
| 852 ## - LOCALIZACIÓN | |
| Ubicación | ES-MaACL |
| Número de control de estantería | F-8627(8) |
| Nota libre | .- Enc. pasta española |
| condición física | .- Falto de la cub. original |
| Nota libre | .- Enc. en un vol. facticio formando parte de la col. facticia "Teatro español moderno", vol. 82 |
| Estatus retirado | Estado de pérdida | Estado de daño | No para préstamo | Colección | Biblioteca de origen | Biblioteca actual | Ubicación en estantería | Fecha de adquisición | Fuente de adquisición | Total de préstamos | Signatura topográfica completa | Código de barras | Visto por última vez | Precio de reemplazo | Tipo de ítem Koha |
|---|---|---|---|---|---|---|---|---|---|---|---|---|---|---|---|
| Libros del s. XIX | Biblioteca del Ateneo de Madrid | Biblioteca del Ateneo de Madrid | Sala Pecera Planta 2 | 28/01/2010 | F-8627(8) | 1182538 | 23/02/2023 | 23/02/2023 | Libro impreso antiguo |
